|
|
|
|
| LEADER |
00000nas a22000001 4500 |
| 001 |
ssj0000564118 |
| 003 |
WaSeSS |
| 005 |
20200512172242.0 |
| 006 |
m d |
| 007 |
cr n |
| 008 |
790727c19699999ck fr s 0 b0spa |
| 010 |
|
|
|a 73644894
|
| 016 |
7 |
|
|a 8103366
|2 DNLM
|
| 016 |
7 |
|
|a R32230000
|2 DNLM
|
| 016 |
7 |
|
|a 009222753
|2 Uk
|
| 022 |
|
|
|l 0034-7418
|y 0034-7418
|
| 030 |
|
|
|a RCQFAQ
|
| 035 |
|
|
|a (WaSeSS)ssj0000564118
|
| 040 |
|
|
|a DLC
|b eng
|c IXA
|d DLC
|d OCL
|d NST
|d SER
|d RCS
|d AIP
|d DLC
|d NLM
|d OCLCQ
|d IXA
|d OCLCQ
|d UKMGB
|d OCLCF
|d OCLCO
|d OCLCQ
|d OCLCO
|d CUS
|d OCLCA
|d WaSeSS
|
| 041 |
0 |
|
|a spa
|b eng
|b fre
|
| 042 |
|
|
|a pcc
|
| 043 |
|
|
|a s-ck---
|
| 050 |
1 |
0 |
|a RS402
|b .R47
|
| 060 |
0 |
0 |
|a W1
|b RE356E
|
| 210 |
0 |
|
|a Rev. colomb. cienc. quím.-farm.
|
| 222 |
|
0 |
|a Revista colombiana de ciencias químico-farmacéuticas
|
| 245 |
0 |
0 |
|a Revista colombiana de ciencias químico-farmacéuticas
|h [electronic resource].
|
| 260 |
|
|
|a [Bogotá]
|
| 310 |
|
|
|a Semiannual,
|b <1987->
|
| 321 |
|
|
|a Irregular,
|b 1969-<1983>
|
| 362 |
0 |
|
|a v. 1- ; enero de 1969-
|
| 506 |
|
|
|a License restrictions may limit access.
|
| 515 |
|
|
|a Issues for 1969-<June 1985> designated vol. 1-<4, no. 2>; issues for <Oct. 1987>-Dec. 2002 designated <no. 16>-31; issues for June 2003- designated vol. 32, no. 1-
|
| 546 |
|
|
|a Spanish with summaries in English and French.
|
| 550 |
|
|
|a Organ of the Departamento de Farmacia, Universidad Nacional de Colombia.
|
| 650 |
|
0 |
|a Pharmaceutical chemistry
|v Periodicals.
|
| 650 |
|
0 |
|a Pharmacology
|v Periodicals.
|
| 650 |
|
0 |
|a Pharmacology
|z Colombia
|v Periodicals.
|
| 650 |
|
0 |
|a Drugs
|v Periodicals.
|
| 650 |
|
0 |
|a Drugs
|z Colombia
|v Periodicals.
|
| 650 |
|
7 |
|a Drugs.
|2 fast
|0 (OCoLC)fst00898761
|
| 650 |
|
7 |
|a Pharmaceutical chemistry.
|2 fast
|0 (OCoLC)fst01060115
|
| 650 |
|
7 |
|a Pharmacology.
|2 fast
|0 (OCoLC)fst01060259
|
| 650 |
|
2 |
|a Pharmacology.
|0 https://id.nlm.nih.gov/mesh/D010600
|
| 651 |
|
7 |
|a Colombia.
|2 fast
|0 (OCoLC)fst01205916
|
| 655 |
|
0 |
|a Electronic journals.
|
| 710 |
2 |
|
|a Universidad Nacional de Colombia.
|b Departamento Farmacia.
|
| 850 |
|
|
|a DNLM
|
| 856 |
4 |
0 |
|z Full text available from Research Library: 01/01/2004 to present
|u https://search.proquest.com/publication/2035763
|